[Event "BEL-ch op"]
[Site "Niel"]
[Date "2017.07.09"]
[Round "9"]
[White "Beukema, Constantijn"]
[Black "Hajenius, Willem"]
[Result "1-0"]
[WhiteElo "1695"]
[BlackElo "1934"]
[PlyCount "45"]
[EventDate "2017.07.01"]
[EventType "swiss"]
[EventRounds "9"]
[EventCountry "BEL"]
[SourceTitle "EXT 2018"]
[Source "ChessBase"]
[SourceDate "2017.10.13"]
[SourceVersion "1"]
[SourceVersionDate "2017.10.13"]
[SourceQuality "1"]

1. e4 c5 2. d4 cxd4 3. c3 dxc3 4. Nxc3 e6 5. Nf3 Nc6 6. Bc4 Qc7 7. Qe2 Nf6 8. 0-0 Ng4 9. Nd5 exd5 10. exd5+ Ne7 11. Re1 d6 12. Bf4 Bd7 13. Nd4 Ne5 14. Nb5 Bxb5 15. Bxb5+ Kd8 16. Rac1 Qb6 17. Bxe5 dxe5 18. d6 Ng6 19. d7 Bc5 20. Red1 f5 21. Rd5 Nf4 22. Qxe5 Qxb5 23. Rdxc5 1-0

[Event "BEL-ch op"]
[Site "Niel"]
[Date "2017.07.07"]
[Round "7"]
[White "Lenoir, Aurele"]
[Black "Hajenius, Willem"]
[Result "0-1"]
[WhiteElo "1663"]
[BlackElo "1934"]
[PlyCount "52"]
[EventDate "2017.07.01"]
[EventType "swiss"]
[EventRounds "9"]
[EventCountry "BEL"]
[SourceTitle "EXT 2018"]
[Source "ChessBase"]
[SourceDate "2017.10.13"]
[SourceVersion "1"]
[SourceVersionDate "2017.10.13"]
[SourceQuality "1"]

1. Nf3 c5 2. b3 Nf6 3. Bb2 e6 4. e3 Nc6 5. c4 Be7 6. d4 cxd4 7. Nxd4 0-0 8. Nd2 d5 9. Nxc6 bxc6 10. Qc2 Bb7 11. Bd3 h6 12. 0-0 c5 13. Rad1 Bd6 14. f4 Ng4 15. Rde1 d4 16. exd4 cxd4 17. Bxd4 e5 18. Bf5 exd4 19. Bxg4 d3 20. Qd1 Qa5 21. Bf3 Bxf3 22. Nxf3 Rad8 23. Ne5 Bb4 24. Re4 f5 25. Re3 Bc5 26. Kh1 Bxe3 0-1

[Event "BEL-ch op"]
[Site "Niel"]
[Date "2017.07.01"]
[Round "1"]
[White "Beukema, Jasper"]
[Black "Hajenius, Willem"]
[Result "0-1"]
[WhiteElo "2209"]
[BlackElo "1934"]
[PlyCount "86"]
[EventDate "2017.07.01"]
[EventType "swiss"]
[EventRounds "9"]
[EventCountry "BEL"]
[SourceTitle "EXT 2018"]
[Source "ChessBase"]
[SourceDate "2017.10.13"]
[SourceVersion "1"]
[SourceVersionDate "2017.10.13"]
[SourceQuality "1"]

1. d4 Nf6 2. Bf4 g6 3. c4 Bg7 4. Nc3 c6 5. e4 d6 6. Nf3 Na6 7. c5 b5 8. cxd6 exd6 9. e5 dxe5 10. Nxe5 0-0 11. Nxc6 Qe8+ 12. Ne5 Nc7 13. Be2 b4 14. Na4 Ne6 15. Be3 Bb7 16. 0-0 Rd8 17. Bf3 Nd5 18. Qc2 f6 19. Nd3 Bc6 20. Bxd5 Rxd5 21. Nxb4 Bxa4 22. b3 Rh5 23. bxa4 Qb8 24. Rfb1 Qxh2+ 25. Kf1 Re8 26. Qc6 Kf8 27. d5 Nf4 28. Bc5+ Re7 29. Bxe7+ Kf7 30. Ke1 Qg1+ 31. Kd2 Qxf2+ 32. Kc3 f5+ 33. Kc4 Qe2+ 34. Kc5 Qxe7+ 35. d6 Qe5+ 36. Kc4 Ne6 37. Qd7+ Kg8 38. Qe8+ Bf8 39. g3 Rg5 40. Re1 Rg4+ 41. Kd3 Rxg3+ 42. Kd2 Rg2+ 43. Kd3 Qd4# 0-1

[Event "Gibraltar Challenger op-A"]
[Site "Caleta"]
[Date "2017.01.26"]
[Round "4"]
[White "Ungureanu, Sandu"]
[Black "Hajenius, Willem"]
[Result "1-0"]
[WhiteElo "2071"]
[BlackElo "1943"]
[PlyCount "95"]
[EventDate "2017.01.23"]
[EventType "swiss"]
[EventRounds "5"]
[EventCountry "GGB"]
[SourceTitle "CBM 176 Extra"]
[Source "ChessBase"]
[SourceDate "2017.03.02"]
[SourceVersion "1"]
[SourceVersionDate "2017.03.02"]
[SourceQuality "1"]

1. d4 f5 2. c4 Nf6 3. Nc3 g6 4. Bg5 Bg7 5. Bxf6 Bxf6 6. f4 d6 7. Nf3 c6 8. e3 Na6 9. h4 Qb6 10. Qd2 Bd7 11. Na4 Qc7 12. c5 b5 13. cxb6 axb6 14. h5 b5 15. Nc3 b4 16. Nd1 c5 17. hxg6 hxg6 18. Rxh8+ Bxh8 19. Rc1 Qb6 20. dxc5 Nxc5 21. Qd5 Bc6 22. Qg8+ Kd7 23. Qxg6 Be4 24. Ng5 Bf6 25. Nxe4 fxe4 26. Qf5+ Kd8 27. g3 Ra5 28. Qg6 Qc6 29. Rc4 d5 30. Qg8+ Kd7 31. Rxb4 Ra8 32. Rb8 Rxb8 33. Qxb8 Nd3+ 34. Bxd3 exd3 35. Qb4 Qc2 36. Qd2 d4 37. e4 e5 38. Nf2 Qb1+ 39. Qd1 d2+ 40. Kxd2 Qxb2+ 41. Qc2 Qb4+ 42. Ke2 exf4 43. gxf4 Qb5+ 44. Kf3 Qh5+ 45. Kg2 Qg6+ 46. Kf1 Qg3 47. e5 Bh4 48. Qa4+ 1-0

[Event "Gibraltar Challenger op-A"]
[Site "Caleta"]
[Date "2017.01.24"]
[Round "2"]
[White "Van Dongen, Edwin"]
[Black "Hajenius, Willem"]
[Result "1/2-1/2"]
[WhiteElo "2043"]
[BlackElo "1943"]
[PlyCount "78"]
[EventDate "2017.01.23"]
[EventType "swiss"]
[EventRounds "5"]
[EventCountry "GGB"]
[SourceTitle "CBM 176 Extra"]
[Source "ChessBase"]
[SourceDate "2017.03.02"]
[SourceVersion "1"]
[SourceVersionDate "2017.03.02"]
[SourceQuality "1"]

1. f4 d5 2. Nf3 g6 3. e3 Bg7 4. Be2 c5 5. 0-0 Bg4 6. d3 Bxf3 7. Bxf3 Nc6 8. c3 e6 9. d4 cxd4 10. exd4 Nge7 11. Be2 h5 12. Nd2 Nf5 13. Nf3 Qb6 14. Qb3 Qc7 15. Bd3 Nce7 16. Qa4+ Kf8 17. Ne5 Kg8 18. Qb3 Rd8 19. Bd2 Bf6 20. Rae1 Kg7 21. g3 Nd6 22. h3 Nef5 23. Rf3 Be7 24. Bb1 f6 25. Bxf5 gxf5 26. Nd3 Ne4 27. Re2 Kf7 28. Be1 Rdg8 29. Rg2 Rg7 30. Qd1 Bd6 31. h4 Kf8 32. Kh2 Rhg8 33. Qe2 Qf7 34. Re3 Rg4 35. Rf3 Qg6 36. Re3 Kf7 37. Rf3 Qh6 38. Rf1 a6 39. Rf3 Qg6 1/2-1/2

[Event "Calvia Amateur op 12th"]
[Site "Calvia"]
[Date "2015.10.16"]
[Round "7"]
[White "Kultiyasov, Mikhail"]
[Black "Hajenius, Willem"]
[Result "1-0"]
[WhiteElo "2280"]
[BlackElo "1923"]
[PlyCount "69"]
[EventDate "2015.10.10"]
[EventType "swiss"]
[EventRounds "9"]
[EventCountry "ESP"]
[SourceTitle "EXT 2019"]
[Source "ChessBase"]
[SourceDate "2018.10.10"]
[SourceVersion "1"]
[SourceVersionDate "2018.10.10"]
[SourceQuality "1"]

1. e4 c5 2. Nf3 Nf6 3. e5 Nd5 4. Nc3 e6 5. Ne4 f5 6. Nc3 Nxc3 7. dxc3 Nc6 8. Bf4 b6 9. Qd2 Bb7 10. 0-0-0 Qc7 11. Bc4 a6 12. Rhe1 Be7 13. Bg5 b5 14. Bf1 0-0-0 15. Bxe7 Nxe7 16. Ng5 Rdf8 17. f4 h6 18. Nh3 Rd8 19. c4 b4 20. Qe3 Qa5 21. Kb1 Rhg8 22. Rd2 g6 23. Nf2 g5 24. fxg5 hxg5 25. Nd3 d6 26. exd6 Rxd6 27. Nxc5 f4 28. Qe5 Rxd2 29. Qxe6+ Kb8 30. Qxe7 Bc8 31. Nb3 Rgd8 32. Bd3 R2xd3 33. cxd3 Qb6 34. Qxg5 Qd6 35. d4 1-0

[Event "EU-chT Seniors 15th"]
[Site "Dresden"]
[Date "2013.07.26"]
[Round "7"]
[White "Hajenius, Willem"]
[Black "Krebs, Dietmar"]
[Result "1-0"]
[WhiteElo "1923"]
[BlackElo "2080"]
[PlyCount "53"]
[EventDate "2013.07.20"]
[EventType "team-swiss"]
[EventRounds "9"]
[EventCountry "GER"]
[SourceTitle "CBM 155 Extra"]
[Source "ChessBase"]
[SourceDate "2013.08.26"]
[SourceVersion "1"]
[SourceVersionDate "2013.08.26"]
[SourceQuality "1"]
[WhiteTeam "Belgium II"]
[BlackTeam "Rhein"]
[WhiteTeamCountry "BEL"]
[BlackTeamCountry "GER"]

1. d4 Nf6 2. c4 c5 3. d5 e6 4. Nc3 exd5 5. cxd5 d6 6. e4 g6 7. f4 Bg7 8. Nf3 0-0 9. Be2 Re8 10. e5 dxe5 11. fxe5 Ng4 12. e6 fxe6 13. 0-0 exd5 14. Nxd5 Nc6 15. Bc4 Be6 16. Bg5 Qc8 17. Qa4 Kh8 18. Rae1 Bxd5 19. Bxd5 Rxe1 20. Rxe1 h6 21. Be6 Qf8 22. Qxg4 hxg5 23. Nxg5 Bh6 24. Rf1 Qe7 25. Nf7+ Kg7 26. Nxh6 Kxh6 27. Rf7 1-0

[Event "Aalst op 15th"]
[Site "Aalst"]
[Date "2013.05.29"]
[Round "7"]
[White "Hajenius, Willem"]
[Black "Vanhee, Freddy"]
[Result "0-1"]
[WhiteElo "1913"]
[BlackElo "1966"]
[PlyCount "58"]
[EventDate "2013.04.17"]
[EventType "swiss"]
[EventRounds "9"]
[EventCountry "BEL"]
[SourceTitle "EXT 2014"]
[Source "ChessBase"]
[SourceDate "2013.11.20"]
[SourceVersion "1"]
[SourceVersionDate "2013.11.20"]
[SourceQuality "1"]

1. e4 c5 2. b4 cxb4 3. a3 d5 4. exd5 Qxd5 5. Nf3 e5 6. axb4 Bxb4 7. c3 Be7 8. Na3 Bxa3 9. Bxa3 Nc6 10. Qa4 Nge7 11. Bc4 Qd7 12. 0-0 0-0 13. Rfe1 Qc7 14. d4 Be6 15. Bxe6 fxe6 16. dxe5 Rae8 17. Bd6 Qc8 18. Qg4 Rf5 19. Nh4 Rf7 20. Re3 Nf5 21. Rh3 Nxd6 22. exd6 e5 23. Qh5 Qe6 24. Rd1 Rd8 25. Nf3 Qf5 26. Qh4 Rxd6 27. Re1 Rh6 28. Rxe5 Qb1+ 29. Re1 Rxh4 0-1

[Event "London Classic op 4th"]
[Site "London"]
[Date "2012.12.04"]
[Round "4"]
[White "Millward, Richard"]
[Black "Hajenius, Willem"]
[Result "1-0"]
[WhiteElo "2048"]
[BlackElo "1922"]
[PlyCount "83"]
[EventDate "2012.12.01"]
[EventType "swiss"]
[EventRounds "9"]
[EventCountry "ENG"]
[SourceTitle "CBM 151 Extra"]
[Source "ChessBase"]
[SourceDate "2012.12.18"]
[SourceVersion "1"]
[SourceVersionDate "2012.12.18"]
[SourceQuality "1"]

1. e4 c5 2. Nf3 Nf6 3. Nc3 Nc6 4. d4 d5 5. exd5 Nxd5 6. dxc5 Nxc3 7. Qxd8+ Nxd8 8. bxc3 g6 9. Bb5+ Nc6 10. Be3 Bg7 11. Bd4 f6 12. Nd2 e5 13. Be3 Be6 14. Bc4 Bxc4 15. Nxc4 0-0 16. Rb1 Rab8 17. 0-0 f5 18. f3 f4 19. Bf2 e4 20. fxe4 Bxc3 21. Rfd1 Rfe8 22. Nd6 Re7 23. Rb3 Bf6 24. c3 Be5 25. Bh4 Rd7 26. Bg5 b6 27. Rdb1 Kg7 28. Nc4 Bc7 29. cxb6 axb6 30. Nxb6 Rf7 31. Nd5 Rxb3 32. axb3 h6 33. Nxc7 hxg5 34. Nd5 Ne5 35. b4 g4 36. b5 f3 37. b6 f2+ 38. Kf1 g3 39. hxg3 Nc4 40. Rd1 Rd7 41. Rd4 Rf7 42. Rxc4 1-0

[Event "London Classic op 4th"]
[Site "London"]
[Date "2012.12.03"]
[Round "3"]
[White "Hajenius, Willem"]
[Black "Spychala, Josefa"]
[Result "1-0"]
[WhiteElo "1922"]
[BlackElo "1521"]
[PlyCount "33"]
[EventDate "2012.12.01"]
[EventType "swiss"]
[EventRounds "9"]
[EventCountry "ENG"]
[SourceTitle "CBM 151 Extra"]
[Source "ChessBase"]
[SourceDate "2012.12.18"]
[SourceVersion "1"]
[SourceVersionDate "2012.12.18"]
[SourceQuality "1"]

1. d4 Nf6 2. c4 e6 3. Nc3 d5 4. Nf3 c6 5. e3 Be7 6. Qc2 Nbd7 7. b3 0-0 8. Bb2 Re8 9. Bd3 dxc4 10. bxc4 h6 11. Rd1 c5 12. 0-0 cxd4 13. exd4 b6 14. Ne5 Nxe5 15. dxe5 Nd7 16. Qe2 Qc7 17. Qe4 1-0

[Event "Amantea op-A 9th"]
[Site "Amantea"]
[Date "2011.09.08"]
[Round "6"]
[White "Van Melkebeke, Willem"]
[Black "Hajenius, Willem"]
[Result "0-1"]
[WhiteElo "1926"]
[BlackElo "2002"]
[PlyCount "52"]
[EventDate "2011.09.04"]
[EventType "swiss"]
[EventRounds "9"]
[EventCountry "ITA"]
[SourceTitle "CBM 144 Extra"]
[Source "ChessBase"]
[SourceDate "2011.10.28"]
[SourceVersion "1"]
[SourceVersionDate "2011.10.28"]
[SourceQuality "1"]

1. e4 c5 2. Nf3 e6 3. d4 cxd4 4. Nxd4 Nf6 5. Nc3 Nc6 6. Nxc6 bxc6 7. e5 Nd5 8. Ne4 Bb7 9. Be2 c5 10. Nd6+ Bxd6 11. exd6 Qf6 12. 0-0 Rb8 13. c4 Nb6 14. Qd3 0-0 15. Rb1 Na4 16. Bd1 Bc6 17. Bxa4 Bxa4 18. b3 Bc6 19. Bb2 Qg5 20. f3 e5 21. Bc1 Qh4 22. Qc3 e4 23. f4 Rfe8 24. f5 e3 25. Bb2 Qg4 26. g3 f6 0-1

[Event "EU-chT Seniors"]
[Site "Thessaloniki"]
[Date "2011.05.10"]
[Round "8"]
[White "Jorgensen, Jorgen"]
[Black "Hajenius, Willem"]
[Result "1-0"]
[WhiteElo "2221"]
[BlackElo "1983"]
[PlyCount "57"]
[EventDate "2011.05.03"]
[EventType "team-swiss"]
[EventRounds "9"]
[EventCountry "GRE"]
[SourceTitle "CBM 142 Extra"]
[Source "ChessBase"]
[SourceDate "2011.06.27"]
[SourceVersion "1"]
[SourceVersionDate "2011.06.27"]
[SourceQuality "1"]
[WhiteTeam "Denmark"]
[BlackTeam "Belgium"]
[WhiteTeamCountry "DEN"]
[BlackTeamCountry "BEL"]

1. c4 Nf6 2. Nc3 g6 3. g3 Bg7 4. Bg2 d6 5. d4 0-0 6. Nf3 c6 7. 0-0 Nbd7 8. Qc2 Re8 9. h3 e5 10. Be3 Nb6 11. b3 Bf5 12. Qd2 Ne4 13. Nxe4 Bxe4 14. Rac1 Bf5 15. Rfd1 e4 16. Nh2 Qe7 17. Qb4 a5 18. Qa3 Qd7 19. g4 Be6 20. d5 Nxd5 21. cxd5 Bxd5 22. Bd4 Bh6 23. e3 f5 24. Ba1 Qe7 25. Qb2 Kf7 26. Rxd5 cxd5 27. Rc7 Qxc7 28. Qf6+ Kg8 29. Qh8+ 1-0

[Event "EU-chT Seniors"]
[Site "Thessaloniki"]
[Date "2011.05.08"]
[Round "6"]
[White "Hajenius, Willem"]
[Black "Armbruester, Juergen"]
[Result "1/2-1/2"]
[WhiteElo "1983"]
[BlackElo "1600"]
[PlyCount "56"]
[EventDate "2011.05.03"]
[EventType "team-swiss"]
[EventRounds "9"]
[EventCountry "GRE"]
[SourceTitle "CBM 142 Extra"]
[Source "ChessBase"]
[SourceDate "2011.06.27"]
[SourceVersion "1"]
[SourceVersionDate "2011.06.27"]
[SourceQuality "1"]
[WhiteTeam "Belgium"]
[BlackTeam "Katernberg"]
[WhiteTeamCountry "BEL"]
[BlackTeamCountry "GER"]

1. d4 Nf6 2. c4 g6 3. Nc3 d5 4. Nf3 Bg7 5. cxd5 Nxd5 6. Bg5 Nxc3 7. bxc3 c5 8. Qd2 Qa5 9. e3 cxd4 10. exd4 Bg4 11. Be2 Nd7 12. 0-0 Rc8 13. Rab1 b6 14. Rfc1 Nf6 15. Rb5 Qa3 16. Rb3 Qd6 17. Bb5+ Bd7 18. Bf4 Qd5 19. Ba6 0-0 20. c4 Qf5 21. Bxc8 Rxc8 22. Ne5 Be6 23. f3 Nh5 24. g3 f6 25. Ng4 Nxf4 26. Qxf4 Qxf4 27. gxf4 Rxc4 28. Rxc4 Bxc4 1/2-1/2

[Event "EU-chT Seniors"]
[Site "Thessaloniki"]
[Date "2011.05.03"]
[Round "1"]
[White "Mishuchkov, Nikolai Mikhailovic"]
[Black "Hajenius, Willem"]
[Result "1/2-1/2"]
[WhiteElo "2403"]
[BlackElo "1983"]
[PlyCount "82"]
[EventDate "2011.05.03"]
[EventType "team-swiss"]
[EventRounds "9"]
[EventCountry "GRE"]
[SourceTitle "CBM 142 Extra"]
[Source "ChessBase"]
[SourceDate "2011.06.27"]
[SourceVersion "1"]
[SourceVersionDate "2011.06.27"]
[SourceQuality "1"]
[WhiteTeam "Russia"]
[BlackTeam "Belgium"]
[WhiteTeamCountry "RUS"]
[BlackTeamCountry "BEL"]

1. Nf3 Nf6 2. d4 g6 3. g3 Bg7 4. Bg2 0-0 5. 0-0 d6 6. a4 c6 7. a5 Qc7 8. Nc3 e5 9. Bg5 Nbd7 10. Qd2 Re8 11. e4 exd4 12. Nxd4 Rb8 13. h3 Nc5 14. Rfe1 Bd7 15. Bh6 Bh8 16. Bf4 Nh5 17. Be3 Nf6 18. Bf4 Nh5 19. Be3 Nf6 20. f3 b5 21. axb6 axb6 22. b4 Ne6 23. Rad1 Red8 24. b5 Nxd4 25. Bxd4 Be6 26. f4 c5 27. Bf2 Qd7 28. f5 Bc4 29. Qg5 Bg7 30. e5 Ne8 31. f6 Bf8 32. Nd5 Bxd5 33. Bxd5 dxe5 34. Rxe5 Qxh3 35. Qf4 Nd6 36. Rde1 Nxb5 37. Bxf7+ Kh8 38. Re8 Qd7 39. R1e7 Qd1+ 40. Re1 Qd7 41. R1e7 Qd1+ 1/2-1/2